000 00592nam a2200217 a 4500
003 AR-BaBNM
005 20251128203720.0
008 082120s2002 ||||||||||||||000 | spa||
040 _cAR-BaBNM
100 1 _aValcarce, Martha
245 0 0 _aCeniza y trébol
260 _aBuenos Aires
_b[s.n.]
_c1982
300 _a47 p.
500 _aContiene referencias a la obra en contratapa a cargo de Estela Calvo y Horacio Ponce de León
650 4 _aLITERATURA ARGENTINA
650 4 _aPOESIA
650 4 _aLITERATURA CONTEMPORANEA
655 _aLITERATURA
942 _cBK
998 _cMARTIN
999 _c4607
_d4607